Cad/cam robotics and factories of the future 90 , concurrent engineering (Record no. 574495)

000 -LEADER
fixed length control field 00664nam a22001817a 4500
003 - CONTROL NUMBER IDENTIFIER
control field CEME
005 - DATE AND TIME OF LATEST TRANSACTION
control field 20210628203617.0
008 - FIXED-LENGTH DATA ELEMENTS--GENERAL INFORMATION
fixed length control field 210316b xxu||||| |||| 00| 0 eng d
020 ## - INTERNATIONAL STANDARD BOOK NUMBER
International Standard Book Number 3-540-53399-0
040 ## - CATALOGING SOURCE
Transcribing agency .
082 ## - DEWEY DECIMAL CLASSIFICATION NUMBER
Classification number 670.427 CAD'D
100 ## - MAIN ENTRY--PERSONAL NAME
Personal name Verma, Alok K , Sneckenberger, John E , Dwivedi, Suren N
9 (RLIN) 66533
245 ## - TITLE STATEMENT
Title Cad/cam robotics and factories of the future 90 , concurrent engineering
260 ## - PUBLICATION, DISTRIBUTION, ETC.
Place of publication, distribution, etc. BERLIN
Name of publisher, distributor, etc. SPRINGER VERLAG
Date of publication, distribution, etc. 1991
300 ## - PHYSICAL DESCRIPTION
Extent XXXVI, 584P VOL-1
650 ## - SUBJECT ADDED ENTRY--TOPICAL TERM
Topical term or geographic name entry element CAD/CAM SYSTEM CONGRESSES FLEXIBLE MANUFACTURING SYSTEMS CONGRESSES ROBOTICS CONGRESSES MANUFACTURING PROCESSES AUTOMATION CONGRESSES
9 (RLIN) 66534
942 ## - ADDED ENTRY ELEMENTS (KOHA)
Koha item type Book
Source of classification or shelving scheme
Holdings
Withdrawn status Lost status Damaged status Not for loan Permanent Location Current Location Shelving location Date acquired Total Checkouts Full call number Barcode Date last seen Price effective from Koha item type
        College of Electrical & Mechanical Engineering (CEME) College of Electrical & Mechanical Engineering (CEME) General Stacks 07/31/2017   670.427 CAD'D CEME-27058 06/28/2021 06/28/2021 Book
© 2023 Central Library, National University of Sciences and Technology. All Rights Reserved.